Statistiken für Ursprung von KFZ-Kennzeichen (Deutschland)

Klicken Sie hier um das Quiz zu spielen!

Allgemein

  • Dieses Quiz wurde 1.549 mal gespielt
    (413 seit der letzten Aktualisierung)
  • Das Durchschnittsergebnis liegt bei 6 aus 21

Antwortstatistiken

KennzeichenUrsprung% Korrekt
ABGAltenburg
100%
ALZAlzenau
100%
ABIAnhalt, Bitterfeld
100%
AAugsburg
100%
EMSBad Ems
100%
BADBaden-Baden
100%
TÖLBad Tölz-Wolfratshausen
100%
BMBergheim
100%
BITBitburg
100%
CWCalw
100%
CChemnitz
100%
CLPCloppenburg
100%
COCoburg
100%
CUXCuxhaven
100%
DADarmstadt
100%
EFErfurt
100%
ESWEschwege
100%
EEssen
100%
EUTEutin
100%
FLÖFlöha
100%
FFFrankfurt
100%
FFrankfurt
100%
FBFriedberg
100%
FDFulda
100%
GAPGarmisch-Partenkirchen
100%
GEGelsenkirchen
100%
GIGießen
100%
GLAGladbeck
100%
Göttingen
100%
GUNGunzenhausen
100%
HALHalle
100%
HAMHamm
100%
HHannover
100%
HBHansestadt Bremen
100%
HHHansestadt Hamburg
100%
HASHassfurt
100%
HVLHavelland
100%
HEIHeide
100%
HDHeidelberg
100%
HXHöxter
100%
HUSHusum
100%
KSKassel
100%
KEKempten
100%
KLEKleve
100%
KNKonstanz
100%
KÖTKöthen
100%
LSALand Sachsen-Anhalt
100%
LPLippstadt
100%
LÜDLüdenscheid
100%
LULudwigshafen
100%
LÜNLünen
100%
MTKMain-Taunus-Kreis
100%
MRMarburg
100%
MEIMeißen
100%
MZGMerzig
100%
MOSMosbach
100%
NENeuss
100%
NORNorden
100%
NDHNordhausen
100%
NRWNordrhein-Westfalen
100%
NNürnberg
100%
OBOberhausen
100%
OLDOldenburg
100%
PFPforzheim
100%
PSPirmasens
100%
PLÖPlön
100%
PPotsdam
100%
RVRavensburg
100%
ROKRockenhausen
100%
SKSaalekreis
100%
SIGSigmaringen
100%
SPSpeyer
100%
STDStade
100%
SStuttgart
100%
SÜWsüdliche Weinstraße
100%
SHLSuhl
100%
TIRTirschenreuth
100%
TSTraunstein
100%
TUTTuttlingen
100%
ÜBÜberlingen
100%
UEUelzen
100%
ULUlm
100%
VECVechta
100%
VKVölklingen
100%
WANWanne
100%
WATWattenscheid
100%
WFWolfenbüttel
100%
Würzburg
100%
ZIGZiegenhain
100%
WIWiesbaden
83%
GGera
80%
MEPMeppen
80%
CHACham
75%
EBNEbern
75%
EHIEhingen
75%
GFGifhorn
75%
MMünchen
75%
TBBTauberbischofsheim
75%
ABAschaffenburg
67%
KHBad Kreuznach
67%
BARBarnim
67%
BIBielefeld
67%
BOHBocholt
67%
CECelle
67%
DAHDachau
67%
DODortmund
67%
DUDuisburg
67%
EICEichsfeld
67%
ENEnnepe
67%
ERZErzgebirge
67%
FLFlensburg
67%
GLGladbach
67%
GTHGotha
67%
GTGütersloh
67%
HMÜHann. Münden
67%
HROHansestadt Rostock
67%
HPHeppenheim
67%
HIHildesheim
67%
ILIlmenau
67%
INIngolstadt
67%
KOKoblenz
67%
LLeipzig
67%
MSPMain, Spessart
67%
MMMemmingen
67%
MSMünster
67%
MÜRMüritz
67%
REGRegen
67%
RRegensburg
67%
SBSaarbrücken
67%
VLVillingen
67%
WHVWilhelmshaven
67%
ZZwickau
67%
HDLHaldensleben
60%
NVPNordvorpommern
60%
OALOstallgäu
60%
QLBQuedlinburg
60%
WISWismar
57%
AZEAnhalt-Zerbst
50%
APApolda
50%
ARNArnstadt
50%
ASLAschersleben
50%
AURAurich
50%
BINBingen
50%
BOBochum
50%
BORBorken
50%
BOTBottrop
50%
BRBBrandenburg
50%
BÜSBüsingen
50%
COCCochem
50%
DAUDaun
50%
DDDresden
50%
EWEberswalde
50%
EISEisenberg
50%
EDErding
50%
FEUFeuchtwangen
50%
FOForchheim
50%
GERGermersheim
50%
HMHameln
50%
HKHeidekreis
50%
HBNHildburghausen
50%
HÜNHünfeld
50%
IZItzehoe
50%
JLJerichower Land
50%
JEVJever
50%
JÜLJülich
50%
KLZKlötze
50%
KÖZKötzting
50%
KÜNKünzelsau
50%
KUSKusel
50%
KYFKyffhäuser
50%
KYKyritz
50%
LLLandsberg am Lech
50%
LSNLandtag Sachsen
50%
LHLüdinghausen
50%
LGLüneburg
50%
MODMarktoberdorf
50%
MQMerseburg, Querfurt
50%
MIMinden
50%
MÜBMünchberg
50%
NHNeuhaus
50%
NENNeunburg
50%
NRÜNeustadt am Rübenberg
50%
NIBNiebüll
50%
NYNiesky
50%
NOHNordhorn
50%
OAOberallgäu
50%
OLOldenburg
50%
OROranienburg
50%
OHOstholstein
50%
PBPaderborn
50%
PAPassau
50%
PEGPegnitz
50%
PEPeine
50%
PANPfarrkirchen
50%
PIPinneberg
50%
PIRPirna
50%
PRÜPrüm
50%
QFTQuerfurt
50%
RARastatt
50%
RSRemscheid
50%
SLFSaalfeld
50%
SCZSchleiz
50%
SWSchweinfurt
50%
SOLSoltau
50%
SPBSpremberg
50%
STHStadthagen
50%
SDLStendal
50%
THWTechnisches Hilfswerk
50%
TETecklenburg
50%
Tübingen
50%
UEMUeckermünde
50%
UNUnna
50%
VAIVaihingen
50%
VERVerden
50%
VSVillingen-Schwenningen
50%
VRVorpommern, Rügen
50%
WRNWaren
50%
WAFWarendorf
50%
WOWorms
50%
AICAichach
40%
BSBraunschweig
40%
VVogtland
40%
WTMWittmund
40%
AUAue
33%
DBRBad Doberan
33%
BZBautzen
33%
BEBeckum
33%
BGDBerchtesgaden
33%
BNBonn
33%
Börde
33%
BRLBraunlage
33%
BULBurglengenfeld
33%
DEGDegendorf
33%
DELDelmenhorst
33%
ERBErbach
33%
ERKErkelenz
33%
EUEuskirchen
33%
FNFriedrichshafen
33%
FWFürstenwalde
33%
GNTGenthin
33%
GOAGoar
33%
GRMGrimma
33%
HZHarz
33%
HSKHochsauerlandkreis
33%
KCKronach
33%
LANLandau
33%
LBLudwigsburg
33%
MELMelle
33%
MERMerseburg
33%
MOMoers
33%
MGMönchengladbach
33%
MUCMünchen
33%
NPNeuruppin
33%
NUNeu-Ulm
33%
NINienburg
33%
OHAOsterode am Harz
33%
PLPlauen
33%
ROFRotenburg an der Fulda
33%
RÜDRüdesheim
33%
SÄKSäckingen
33%
SZSalzgitter
33%
SLÜSchlüchtern
33%
SUSiegburg
33%
SIMSimmern
33%
SNHSinsheim
33%
SGSolingen
33%
SFASoltau-Fallingbostel
33%
STSteinfurt
33%
VIEViersen
33%
WITWitten
33%
AWAhrweiler
25%
AKAltenkirchen
25%
GANBad Gandersheim
25%
MGHBad Mergentheim
25%
EIEichstätt
25%
GSGoslar
25%
GRAGrafenau
25%
HETHettstedt
25%
HOHHofheim
25%
ISIserlohn
25%
LATLauterbach
25%
LIFLichtenfels
25%
OGOffenburg
25%
SMÜSchwabmünchen
25%
TGTorgau
25%
UFFUffenheim
25%
WSWasserburg
25%
WSFWeißenfels
25%
ZELZell
25%
BIDBiedenkopf
20%
HFHerford
20%
LFLaufen
20%
OHVOberhavel
20%
STAStarnberg
20%
SRStraubing
20%
PWPasewalk
14%
ACAachen
0%
AAAalen
0%
AHAhaus
0%
ALFAlfeld
0%
ALSAlsfeld
0%
ALAltena
0%
ATAltentreptow
0%
Altötting
0%
AZAlzey
0%
AMAmberg
0%
ASAmberg, Sulzbach
0%
ANGAngermünde
0%
ANKAnklam
0%
ANAAnnaberg
0%
ANAnsbach
0%
APDApolda
0%
ARArnsberg
0%
ARTArtern
0%
ASDAschendorf-Hümmling
0%
AEAuerbach
0%
ASZAue, Schwarzenberg
0%
BKBacknang
0%
AIBBad Aibling
0%
BRKBad Brückenau
0%
DÜWBad Dürkheim an der Weinstraße
0%
BWLbaden-württembergischer Landtag
0%
FRWBad Freienwalde
0%
GRIBad Griesbach im Rottal
0%
KGBad Kissingen
0%
KÖNBad Königshofen im Grabfeld
0%
LSZBad Langensalza
0%
LIBBad Liebenwerda
0%
ODBad Oldesloe
0%
REIBad Reichenhall
0%
SLZBad Salzungen
0%
BLBalingen
0%
BABamberg
0%
BYLbayerischer Landtag
0%
BTBayreuth
0%
BSKBeeskow
0%
BEIBeilngries
0%
BELBelzig
0%
BGLBerchtesgadener Land
0%
BZABergzabern
0%
BLBBerleburg
0%
BBerlin
0%
BERBernau
0%
BBGBernburg
0%
BKSBernkastel
0%
BSBBersenbrück
0%
BCBiberach
0%
BIRBirkenfeld
0%
BIWBischofswerda
0%
BTFBitterfeld
0%
BBBöblingen
0%
BOGBogen
0%
BNABorna
0%
BRABrake
0%
BBLbrandenburgische Landesregierung
0%
BEDBrand-Erbisdorf
0%
BRVBremervörde
0%
BRIBrilon
0%
BRBruchsal
0%
BCHBuchen
0%
BÜDBüdingen
0%
BHBühl
0%
BDBundesdienst
0%
BPBundespolizei
0%
BWBundes-Wasserstraßen- und Schifffahrtsverwaltung
0%
BÜRBüren
0%
BRGBurg
0%
BUBurgdorf
0%
BLKBurgenlandkreis
0%
BFBurgsteinfurt
0%
BÜZBützow
0%
CACalau
0%
CASCastrop
0%
CLZClausthal-Zellerfeld
0%
COECoesfeld
0%
CBCottbus
0%
CRCrailsheim
0%
DANDannenberg
0%
DZDelitzsch
0%
DMDemmin
0%
DEDessau
0%
DTDetmold
0%
DIDieburg
0%
DHDiepholz
0%
DIZDiez
0%
DILDillenburg
0%
DLGDillingen
0%
DGFDingolfing
0%
DKBDinkelsbühl
0%
DINDinslaken
0%
DWDippoldiswalde
0%
DLDöbeln
0%
DSDonaueschingen
0%
DONDonauwörth
0%
DUDDuderstadt
0%
DNDüren
0%
DDüsseldorf
0%
EBSEbermannstadt
0%
EBEEbersberg
0%
ECKEckernförde
0%
EGEggenfelden
0%
EIHEichstätt
0%
EBEilenburg
0%
EINEinbeck
0%
EAEisenach
0%
ESAEisenach
0%
EHEisenhüttenstadt
0%
EILEisleben
0%
EEElbe, Elster
0%
EMDEmden
0%
EMEmmendingen
0%
ELEmsland
0%
ERErlangen
0%
ERHErlangen, Höchstadt
0%
ESBEschenbach
0%
ESEsslingen
0%
FALFallingbostel
0%
FIFinsterwalde
0%
FORForst
0%
FKBFrankenberg
0%
FTFrankenthal
0%
FHFrankfurt, Main-Höchst
0%
FGFreiberg
0%
FRFreiburg
0%
FSFreising
0%
FTLFreital
0%
FDSFreudenstadt
0%
FRGFreyung, Grafenau
0%
FDBFriedberg
0%
FRIFriesland
0%
FZFritzlar
0%
FFBFürstenfeldbruck
0%
Fürth
0%
FÜSFüssen
0%
GDBGadebusch
0%
GAGardelegen
0%
GKGeilenkirchen
0%
GHAGeithain
0%
GELGeldern
0%
GNGelnhausen
0%
GEMGemünden
0%
GEOGerolzhofen
0%
GCGlauchau
0%
GDGmünd
0%
GOHGoarshausen
0%
GPGöppingen
0%
GRGörlitz
0%
GHCGräfenhainichen
0%
GRSGransee
0%
GWGreifswald
0%
GRZGreiz
0%
GVGrevenbroich
0%
GVMGrevesmühlen
0%
GMNGrimmen
0%
GRHGroßenhain
0%
GGGroß-Gerau
0%
GUBGuben
0%
GMGummersbach
0%
GZGünzburg
0%
Güstrow
0%
HAHagen
0%
HGNHagenow
0%
HCHainichen
0%
HBSHalberstadt
0%
HWHalle, Westfalen
0%
HABHammelburg
0%
HUHanau
0%
HGWHansestadt Greifswald
0%
HLHansestadt Lübeck
0%
HSTHansestadt Stralsund
0%
HWIHansestadt Wismar
0%
HVHavelberg
0%
HCHHechingen
0%
HDHHeidenheim
0%
HNHeilbronn
0%
HIGHeiligenstadt
0%
HSHeinsberg
0%
HEHelmstedt
0%
HERHerne
0%
HEBHersbruck
0%
HEFHersfeld
0%
HZHerzberg
0%
HELhessischer Landtag
0%
HIPHilpoltstein
0%
HÖSHöchstadt
0%
HOHof
0%
HOGHofgeismar
0%
HHMHohenmölsen
0%
HOTHohenstein
0%
HOLHolzminden
0%
HRHomberg
0%
HGHomburg
0%
HOMHomburg
0%
HORHorb
0%
HYHoyerswerda
0%
ILLIllertissen
0%
IKIlm-Kreis
0%
IGBIngbert
0%
JJena
0%
JEJessen
0%
JBJüterbog
0%
KLKaiserslautern
0%
KMKamenz
0%
KAKarlsruhe
0%
KARKarlstadt
0%
KFKaufbeuren
0%
KELKehl
0%
KEHKelheim
0%
KEMKemnath
0%
KKKempen, Krefeld
0%
KIKiel
0%
KIBKirchheimbolanden
0%
KTKitzingen
0%
KKöln
0%
KWKönigs Wusterhausen
0%
KBKorbach
0%
KRKrefeld
0%
KRUKrumbach
0%
KUKulmbach
0%
LDKLahn-Dill-Kreis
0%
LRLahr
0%
LDLandau
0%
LDSLandkreis Dahme-Spreewald
0%
LOSLandkreis Oder-Spree
0%
LROLandkreis Rostock
0%
LALandshut
0%
LAULauf
0%
LERLeer
0%
LELemgo
0%
LEOLeonberg
0%
LEVLeverkusen
0%
LMLimburg
0%
LILindau
0%
LINLingen
0%
LIPLippe
0%
LÖBLöbau
0%
LBSLobenstein
0%
LOHLohr
0%
Lörrach
0%
LKLübbecke
0%
LNLübben
0%
LBZLübz
0%
LCLuckau
0%
LUKLuckenwalde
0%
LSLüdenscheid
0%
LWLLudwigslust
0%
LUPLudwigslust, Parchim
0%
MDMagdeburg
0%
MAIMainburg
0%
MKKMain-Kinzig-Kreis
0%
MZMainz
0%
MCMalchin
0%
MALMallersdorf
0%
MAMannheim
0%
MLMansfelder Land
0%
MSHMansfeld, Südharz
0%
MABMarienberg
0%
MKMärkischer Kreis
0%
MOLMärkisch-Oderland
0%
MARMarktheidenfeld
0%
MAKMarktredwitz
0%
MYMayen
0%
MYKMayen, Koblenz
0%
MSEmecklenburgische Seenplatte
0%
MSTMecklenburg-Strelitz
0%
MVLmecklenburg-vorpommerscher Landtag
0%
MGNMeiningen
0%
MEDMeldorf
0%
METMellrichstadt
0%
MEGMelsungen
0%
MESMeschede
0%
MEMettmann
0%
MBMiesbach
0%
MILMiltenberg
0%
MNMindelheim
0%
MEKMittlerer Erzgebirgskreis
0%
MWMittweida
0%
MONMonschau
0%
MTMontabaur
0%
Mühldorf
0%
MHLMühlhausen
0%
MTLMuldental
0%
MHMülheim
0%
MÜLMüllheim
0%
MÜNMünsingen
0%
NABNaburg
0%
NAINaila
0%
NAUNauen
0%
NMBNaumburg
0%
NEBNebra
0%
NBNeubrandenburg
0%
NDNeuburg an der Donau
0%
NMNeumarkt
0%
NMSNeumünster
0%
NKNeunkirchen
0%
NEANeustadt an der Aisch
0%
NESNeustadt an der Saale
0%
NEWNeustadt an der Waldnaab
0%
NWNeustadt an der Weinstraße
0%
NECNeustadt bei Coburg
0%
NZNeustrelitz
0%
NRNeuwied am Rhein
0%
NLniedersächsischer Landtag
0%
NOLniederschlesische Oberlausitz
0%
NFNordfriesland
0%
Nördlingen
0%
NWMNordwestmecklenburg
0%
NOMNortheim
0%
NTNürtingen
0%
OBBObernburg
0%
OSLOberspreewald, Lausitz
0%
OVIOberviechtach
0%
OVLObervogtland
0%
OCHOchsenfurt
0%
OFOffenbach
0%
OKOhrekreis
0%
ÖHRÖhringen
0%
OEOlpe
0%
OPOpladen
0%
OZOschatz
0%
OCOschersleben
0%
OSOsnabrück
0%
OBGOsterburg
0%
OHZOsterholz
0%
OPROstprignitz, Ruppin
0%
OVPOstvorpommern
0%
OTTOtterndorf
0%
OTWOttweiler
0%
PCHParchim
0%
PARParsberg
0%
PERPerleberg
0%
PAFPfaffenhofen
0%
PNPößneck
0%
PMPotsdam, Mittelmark
0%
PZPrenzlau
0%
PRPrignitz
0%
PKPritzwalk
0%
RNRathenow
0%
RZRatzeburg
0%
RERecklinghausen
0%
REHRehau
0%
RCReichenbach
0%
RDRendsburg
0%
RTReutlingen
0%
RPLrheinland-pfälzischer Landtag
0%
RPRhein-Pfalz
0%
RYRheydt
0%
RDGRibnitz-Damgarten
0%
RIDRiedenburg
0%
RIERiesa
0%
RGRiesa, Großhain
0%
RIRinteln
0%
RMRöbel, Müritz
0%
RLRochlitz
0%
RODRoding
0%
RORosenheim
0%
RSLRosslau
0%
ROSRostock
0%
ROWRotenburg, Wümme
0%
RHRoth
0%
ROTRothenburg ob der Tauber
0%
ROLRottenburg an der Laaber
0%
RWRottweil
0%
RURudolstadt
0%
RÜGRügen
0%
SHKSaale-Holzland-Kreis
0%
SOKSaale-Orla-Kreis
0%
SABSaarburg
0%
SALsaarländischer Landtag
0%
SLSSaarlouis
0%
SLKSalzlandkreis
0%
SAWSalzwedel
0%
SGHSangerhausen
0%
SLGSaulgau
0%
SEFScheinfeld
0%
SLESchleiden
0%
SLSchleswig
0%
SHSchleswig, Holstein
0%
SMSchmalkalden
0%
SLNSchmölln
0%
SBKSchönebeck
0%
SOGSchongau
0%
SOBSchrobenhausen
0%
SCSchwabach
0%
SHASchwäbisch Hall
0%
SWASchwalbach
0%
SADSchwandorf
0%
SZBSchwarzenberg
0%
SDTSchwedt
0%
SNSchwerin
0%
SEBSebnitz
0%
SEESeelow
0%
SESegeberg
0%
SELSelb
0%
SFBSenftenberg
0%
SISiegen
0%
SOSoest
0%
SÖMSömmerda
0%
SDHSondershausen
0%
SONSonneberg
0%
SFSonthofen
0%
SPNSpree, Neiße
0%
SPRSpringe
0%
SHGStadthagen
0%
SROStadtroda
0%
SANStadtsteinach
0%
STEStaffelstein
0%
SFTStaßfurt
0%
STBSternberg
0%
STOStockach
0%
STLStollberg
0%
SBGStrasburg
0%
SRBStrausberg
0%
SULSulzbach
0%
SYSyke
0%
TFTeltow, Fläming
0%
TPTemplin
0%
TETTeterow
0%
TTTettnang
0%
THLthüringer Landtag
0%
NEUTitisee-Neustadt
0%
TÖNTönning
0%
TDOTorgau, Delitzsch, Oschatz
0%
TOTorgau, Oschatz
0%
TRTrier
0%
UMUckermark
0%
UERUecker-Randow
0%
UHUnstrut, Hainich
0%
USIUsingen
0%
VITViechtach
0%
VIBVilsbiburg
0%
VOFVilshofen
0%
VBVogelsberg
0%
VOHVohenstrauß
0%
VGVorpommern, Greifswald
0%
WNWaiblingen
0%
WAWaldeck
0%
WÜMWaldmünchen
0%
WTWaldshut
0%
WGWangen
0%
WZLWanzleben
0%
WARWarburg
0%
WAKWartburgkreis
0%
WEGWegscheid
0%
WENWeiden
0%
WELWeilburg
0%
WMWeilheim
0%
WEWeimar
0%
WUGWeißenburg
0%
WSWWeißwasser
0%
WNDWendel
0%
WDAWerdau
0%
WRWernigerode
0%
WERWertingen
0%
WESWesel
0%
WEMWesermünde
0%
WEBWesterburg
0%
WSTWesterstede
0%
WWWesterwald
0%
WZWetzlar
0%
WDWiedenbrück
0%
WLWinsen, Luhe
0%
WBWittenberg
0%
WTLWittlage
0%
WILWittlich
0%
WKWittstock
0%
WIZWitzenhausen
0%
WOLWolfach
0%
WOHWolfhagen
0%
WORWolfratshausen
0%
WOBWolfsburg
0%
WOSWolfstein
0%
WLGWolgast
0%
WMSWolmirstedt
0%
WBSWorbis
0%
WUNWunsiedel
0%
WWuppertal
0%
WURWurzen
0%
ZZZeitz
0%
ZEZerbst
0%
ZRZeulenroda
0%
ZIZittau
0%
ZSZossen
0%
ZPZschopau
0%
ZWZweibrücken
0%

Verteilung der Resultate

Perzentil nach korrekt beantworteten Fragen

Anzahl Personen mit jedem Resultat

Ihre Resultats-Entwicklung

Sie haben dieses Quiz seit der letzten Aktualisierung nicht gespielt